Lyrics to 'If We Were Vampires' cover by Noah Kahan - Statistics

General Stats
  • This quiz has been taken 42 times
  • The average score is 245 of 282
Answer Stats
Answer % Correct
a
100%
and
100%
And
100%
day
100%
go
100%
I
100%
If
100%
on
100%
the
100%
The
100%
vampires
100%
we
100%
were
100%
you
100%
your
100%
Your
100%
alone
95%
be
95%
can
95%
for
95%
it
95%
It's
95%
me
95%
not
95%
of
95%
so
95%
that
95%
this
95%
time
95%
to
95%
you're
95%
all
90%
can't
90%
days
90%
forever
90%
hand
90%
have
90%
joke
90%
laugh
90%
like
90%
one
90%
One
90%
out
90%
was
90%
at
85%
death
85%
gone
85%
hold
85%
I'll
85%
in
85%
love's
85%
Maybe
85%
my
85%
smoke
85%
some
85%
spend
85%
their
85%
us
85%
We'd
85%
we'll
85%
will
85%
you'll
85%
40
80%
But
80%
end
80%
feel
80%
get
80%
gift
80%
hard
80%
is
80%
knowing
80%
likely
80%
long
80%
lovers
80%
need
80%
Or
80%
plans
80%
shift
80%
sidewalk
80%
skin
80%
til
80%
together
80%
way
80%
wouldn't
80%
years
80%
dark
75%
dress
75%
light
75%
running
75%
work
75%
directions
70%
heart
70%
off
70%
watermark
70%
behind
65%
coming
65%
flowing
65%
hope
65%
leaving
65%
left
65%
right
65%
searching
65%
sense
65%
truth
65%
wrong
65%
every
60%
find
60%
hands
60%
roof
60%
slow
60%
you've
60%
fragile
55%
isn't
55%
mercy
55%
nails
55%
questions
55%
who's
55%
give
50%
protected
50%
talked
50%
second
45%
No matching quizzes found
Score Distribution
Percent of People with Each Score
Percentile by Number Answered
Your Score History
You have not taken this quiz